00000000nam 2200000zi 4500
0019.931906
003CaOODSP
00520241121151508
006m     o  d f      
007cr |n|||||||||
008231229s1995    qucab   ob   f|0| 0 fre d
040 |aCaOODSP|bfre|erda|cCaOODSP
041 |afre|bfre|beng
043 |an-cn-qu
0861 |aCW66-1457/1995F-PDF
1001 |aBélanger, Luc, |d1958- |eauteur.
24510|aExamen environnemental préalable concernant le projet d'aménagement faunique de l'Île des Barques, Archipel de Berthier-Sorel, Québec / |cpar Luc Bélanger.
264 1|a[Sainte-Foy, Québec] : |bService canadien de la faune, Environnement Canada, |c[1995]
300 |a1 ressource en ligne (47 pages non numérotées) : |bcartes, illustrations
336 |atexte|btxt|2rdacontent/fre
337 |ainformatique|bc|2rdamedia/fre
338 |aressource en ligne|bcr|2rdacarrier/fre
500 |aÉdition numérisée de l’imprimé [par Environnement et changement climatique Canada].
500 |a« Texte préliminaire pour commentaires. »
504 |aComprend des références bibliographiques.
546 |aComprend du texte en anglais en annexe.
650 6|aMarais|zQuébec (Province)
650 6|aRéhabilitation (Écologie)|zQuébec (Province)
650 0|aMarshes|zQuébec (Province)
650 0|aRestoration ecology|zQuébec (Province)
7102 |aService canadien de la faune, |eorganisme de publication.
85640|qPDF|s14.30 Mo|uhttps://publications.gc.ca/collections/collection_2024/eccc/cw66/CW66-1457-1995-fra.pdf